000
00319nam a22001457a 4500
008
230419b ||||| |||| 00| 0 eng d
020
_a
9780811849494
041
_a
eng
080
_a
159.9
082
_a
159.9MAO
100
_a
25
101
_a
PSI
245
_a
SECRETS OF LONGEVITTY
_c
MAOSHING NI
942
_2
udc
_c
BK
999
_c
59620
_d
59620